000 01262nam a2200325 a 4500
001 ebr5004988
003 CaPaEBR
006 m u
007 cr cn|||||||||
008 950630s1996 ctu sb 001 0 eng
010 _z 95034094
020 _z0275952606 (alk. paper)
020 _z0275954293 (pbk. : alk. paper)
040 _aCaPaEBR
_cCaPaEBR
035 _a(OCoLC)50016707
050 1 4 _aDT30.5
_b.M86 1996eb
082 0 4 _a960.3
_220
100 1 _aMungazi, Dickson A.
245 1 4 _aThe mind of Black Africa
_h[electronic resource] /
_cDickson A. Mungazi.
260 _aWestport, Conn. :
_bPraeger,
_c1996.
300 _axxxii, 261 p.
504 _aIncludes bibliographical references (p. [237]-250) and index.
533 _aElectronic reproduction.
_bPalo Alto, Calif. :
_cebrary,
_d2013.
_nAvailable via World Wide Web.
_nAccess may be limited to ebrary affiliated libraries.
650 0 _aDecolonization
_zAfrica, Sub-Saharan.
650 0 _aSelf-perception
_zAfrica, Sub-Saharan.
651 0 _aAfrica, Sub-Saharan
_xCivilization.
655 7 _aElectronic books.
_2local
710 2 _aebrary, Inc.
856 4 0 _uhttp://site.ebrary.com/lib/rucke/Doc?id=5004988
_zAn electronic book accessible through the World Wide Web; click to view
999 _c1478
_d1478